00429nam a2200157Ia 4500003000900000008004100009040001600050080002400066245005800090260003500148300001400183650001600197650001900213650001900232700002000251IN-BaIIA211028s9999 xx 000 0 eng d cIIA Library a047.1:621.38bAEE-5 0aAdvances in electronicsbvol. 5cedited by L. Marton aNew YorkbAcademic Pressc1953 axi, 420p. aElectronics aElectrophysics aNASA Thesaurus aMarton, L., ed.